| 000 | 00415nam a2200169Ia 4500 | ||
|---|---|---|---|
| 005 | 20140403162707.0 | ||
| 008 | 140130s9999 xx 000 0 und d | ||
| 050 |
_aPZ 7 _b.M9535Des 2006 |
||
| 245 |
_cMurphy, Jim _aDesperate journey |
||
| 260 |
_bScholastic, _c2006 |
||
| 300 |
_a278 p. : _bill., maps ; _c22 cm. |
||
| 440 |
_v1 _931174 |
||
| 521 | _aG6 | ||
| 526 | _c800 | ||
| 942 |
_cBK _2lcc |
||
| 999 |
_c41230 _d41230 |
||